000 00684am a2200253a 44500
003 AR-BaBNM
005 20251128211009.0
008 020605s2001 Arg|||||||||||000 | esp||
020 _a950-802-124-1
040 _cAR-BaBNM
100 1 _aParra, Gustavo
245 1 0 _aAntimodernidad y trabajo social
_borígenes y expansión del trabajo social argentino
250 _a1ª ed.
260 _aBuenos Aires
_bEspacio Editorial
_c2001
300 _a252 p.
504 _aBibliografía en p. 243
650 4 _aTRABAJO SOCIAL
650 4 _aCONSERVADURISMO
650 4 _aASISTENCIA SOCIAL
650 4 _aPOLITICA SOCIAL
653 _aMODERNIDAD
942 _cBK
998 _calicia
999 _c17813
_d17813